| 000 | 01297nam a2200361 a 4500 | ||
|---|---|---|---|
| 001 | 000110925 | ||
| 003 | CHAP | ||
| 005 | 20220329144151.0 | ||
| 008 | 141024s2014 mx sm |||||||spa d | ||
| 010 | _a107387 | ||
| 011 | _a108359 | ||
| 040 | _cCHAP | ||
| 090 | _aTesis | ||
| 100 | 1 |
_aCervantes Parra, Jaime _9128686 |
|
| 245 | 1 | 0 |
_aContenido Energetico de nueve genotipos de higuerilla (Ricinus communis L.) _h[En línea] _cpor Jaime Cervantes Parra. |
| 260 |
_aChapingo, Méx. : _bEl autor, _c2014. |
||
| 500 | _aPara ver el contenido del material haga clic en la liga | ||
| 502 | _aTesis (Ing. Agr. Esp. en Forestal ) -- UACH. Departamento Division de Ciencias Forestales | ||
| 590 |
_aBATCH _b00 _c20181121 _lUCH01 _h0759 |
||
| 590 |
_aE11695DGD _b10 _c20141027 _lUCH01 _h0813 |
||
| 590 |
_aE5765TAJ _b05 _c20141024 _lUCH01 _h0931 |
||
| 590 |
_aE5765TAJ _b05 _c20141024 _lUCH01 _h0931 |
||
| 590 |
_aE5765TAJ _b05 _c20141024 _lUCH01 _h0948 |
||
| 650 | 1 | 4 |
_aBiocombustibles _xAnálisis. _9127343 |
| 650 | 1 | 4 |
_aHiguerilla _xGenética. _9128687 |
| 650 | 1 | 4 |
_aHiguerilla _xRendimiento. _955369 |
| 650 | 1 | 4 |
_aHiguerilla _xVariedades. _955370 |
| 856 |
_a1 _n0001530 |
||
| 856 |
_aFinding aid _uhttp://10.13.5.2/tesis/sist110925.pdf _zTeclea aquí |
||
| 901 | _aBK | ||
| 942 | _cTESIS | ||
| 942 | _n0 | ||
| 999 |
_c107387 _d107387 |
||